|
|
|
|
| LEADER |
00624cam a2200181 7i4500 |
| 001 |
0000005472 |
| 005 |
19991025090000.0 |
| 002 |
##000007106 |
| 020 |
0 |
0 |
|a T000005573
|
| 090 |
0 |
0 |
|a P 635.9
|b ENV
|
| 245 |
0 |
0 |
|a Environmental quick scan cut flowers and plants :
|b a trade-related environmental orientation for the EU market.
|
| 260 |
0 |
0 |
|a Rotterdam:
|b CBI,
|c 1996.
|
| 300 |
0 |
0 |
|a v. p..
|
| 650 |
0 |
0 |
|a Cut flowers --
|z European Union
|
| 650 |
0 |
0 |
|a Floriculture --
|z European Union
|
| 651 |
0 |
0 |
|a European Union
|
| 999 |
|
|
|a
|b Book
|c Open shelf
|e Business Information Centre
|
| 999 |
|
|
|a 0000008236
|b Book
|c Open shelf
|e Business Information Centre
|